00660nam a2200205Ia 450000500170000000800410001702000180005804000180007604100080009408200210010210000300012324500750015325000120022826000560024030000220029665000500031865000250036865000450039370000160043820220816102952.0210716s2018 xx 000 0 und d a9789386649324 cAIMIT LIBRARY aeng a519.72 21bMEIJ aMeitei, A J; Jain, Veena. aOptimization using linear programming /cBy A J Meitei and Veena Jain. a1st ed. aNew Delhi :bNew Age International Pvt Ltd ,c2018. ax,269p. ;c24 cm. aIntroduction to linear algebra using ms excel aSensitivity analysis aTransportation and transshipment problem aJain Veena.